| 000 | 00583nam a2200181Ia 4500 | ||
|---|---|---|---|
| 008 | 140529s9999 xx 000 0 und d | ||
| 020 | _a9789814040273 | ||
| 050 |
_aHD 58.7 _b.M664 1998 |
||
| 100 | _aMoorhead, Gregory. | ||
| 245 |
_aOrganizational behavior : _bmanaging people and organizations / _cGregory Moorhead, Ricky W. Griffin |
||
| 250 | _a5th ed. | ||
| 260 |
_aBoston : _bHoughton Mifflin, _cc1998. |
||
| 300 |
_a622 p. : _bill. ; _c26 cm. |
||
| 500 | _aIncludes bibliographical references, glossary and index. | ||
| 521 | _aBSBA | ||
| 942 |
_kFOR _cBK |
||
| 999 |
_c117835 _d117835 |
||